Análisis de estrategias de diseño de sistemas digitales mediante el desarrollo de una Unidad de Procesamiento de Gráficos (GPU) en FPGA, utilizando soluciones tipo ASIC y SoC
Salvato in:
| Autore principale: | |
|---|---|
| Natura: | Libro |
| Pubblicazione: |
[San José, Costa Rica]
2010
|
| Soggetti: | |
| Tags: |
Aggiungi Tag
Nessun Tag, puoi essere il primo ad aggiungerne!!
|
MARC
| LEADER | 00000nam a2200000Ia 4500 | ||
|---|---|---|---|
| 003 | 010039 | ||
| 005 | 20221231144034.0 | ||
| 008 | 140114s2010 cr a 000 ||s d | ||
| 040 | |c cru CEDI | ||
| 090 | |a TFG 6210 | ||
| 100 | |a Alpízar Soto, Celso Antonio |9 2923 | ||
| 245 | |a Análisis de estrategias de diseño de sistemas digitales mediante el desarrollo de una Unidad de Procesamiento de Gráficos (GPU) en FPGA, utilizando soluciones tipo ASIC y SoC | ||
| 260 | |c 2010 |b [San José, Costa Rica] | ||
| 500 | |a Proyecto de graduación (bachillerato en ingeniería eléctrica)--Universidad de Costa Rica. Facultad de Ingeniería. Escuela de Ingeniería Eléctrica | ||
| 650 | |x ELECTRONICA DIGITAL |x DISEÑO Y CONSTRUCCION |x PROCESAMIENTO DE IMAGENES |x METODOS GRAFICOS |x CIRCUITOS INTEGRADOS PARA APLICACIONES ESPECIFICAS |x DISPOSITIVOS ELECTROMECANICOS |9 2924 | ||
| 942 | |c TFG | ||
| 999 | |c 15993 |d 15993 | ||
